000 00487nam a2200181Ia 4500
005 20250423094255.0
008 250422s9999 xx 000 0 und d
020 _a9780128213414
050 _aTN 871.27 .B78/
100 _aBridges, Samuel
245 2 _aA practical handbook for drilling fluids processing
260 _aCambridge
260 _bGulf Professional Publishing
260 _c2020
300 _a86 p
650 _aDrilling muds--Handbooks, manuals, etc.
942 _cBK
999 _c26773
_d26773